000 00430nam a2200145Ia 4500
008 230917s9999||||xx |||||||||||||| ||und||
040 _e39218
_aMAIN
041 _aEnglish
082 _a822.09 F381I
100 _aFergusson, Francis
245 4 _aThe idea of a theatre: a study of ten plays the art of drama in changing perspective
260 _aNew Jersey
_bPrinceton University Press
_c1972
300 _a239 p.
942 _cBK
999 _c186659
_d186659